000 01310nam a2200265Ia 4500
003 OSt
005 20220930094813.0
006 a|||||r|||| 00| 0
007 ta
008 220926b |||||||| |||| 00| 0 hin d
024 _a19656
037 _cTheses
040 _aCRL
_cCRL
_bhin
041 _2hin
_ahin
100 _aभीमाशंकर
110 _aदिल्ली विश्वविद्यालय. कला संकाय. संस्कृत विभाग
_9556327
245 0 _aपाणिनीय व्याकरण और वाजसनेयि-प्रातिशाख्य में स्वर-सम्बन्धी नियमों का तुलनात्मक अध्ययन
246 _aPāṇinīya vyākaraṇ aur vājasaneyi-prātishākhya mean svara-sambandhī niyamoan kā tulanātmak adhyayana
260 _c2013
650 _aसंस्कृत साहित्य
700 _a डॉ. सत्यपाल सिंह, गा.
_9556328
700 _aदिल्ली विश्वविद्यालय. कला संकाय. संस्कृत विभाग
_9556329
942 _cDIS
_2CC
999 _c887704
_d887704